| 000 | 00993nam0a2200325 i 4500 | ||
|---|---|---|---|
| 001 | RU\NLR\bibl\1989947 | ||
| 005 | 20240723082523.0 | ||
| 010 |
_a9785994703038 _9300 |
||
| 021 |
_aRU _b2012-100201 _97393 |
||
| 035 | _a(nilc)RuMoRGB-006511420 | ||
| 035 | _a(NLR Aleph) 001978500 | ||
| 090 |
_a4056433 _c4056433 |
||
| 100 | _a20130114d2012 u y0rusy50 ca | ||
| 101 | 0 | _arus | |
| 102 | _aRU | ||
| 105 | _ay ||||||||| | ||
| 200 | 1 |
_aСтихия - огонь _eсборник стихотворений _fЮлия Майданова |
|
| 210 |
_aНовочеркасск _cЛик _d2012 |
||
| 215 |
_a119 с. _cпортр. _d21 |
||
| 225 | 1 | _aВзлет | |
| 686 | _aШ6(2=Р)8-5 | ||
| 700 | 1 |
_aМайданова _bЮ. С. _gЮлия С. _4070 |
|
| 801 | 0 |
_aRU _bRuMoRKP _c20130114 _gRCR |
|
| 801 | 2 |
_aRU _bРГБ _c20130124 _grcr |
|
| 801 | 1 |
_aRU _bRuMoRKP _c20130114 _2rusmarc |
|
| 801 | 2 |
_aRU _bNLR _c20130121 _grcr |
|
| 942 | _cBOOK | ||
| 980 | _aNBR | ||